[Event "Nations Cup Online Prelim"]
[Site "Chess.com INT"]
[Date "2020.05.05"]
[Round "2.3"]
[White "Cori, Jorge Moise"]
[Black "Adhiban, Baskaran"]
[Result "1-0"]
[WhiteElo "2652"]
[BlackElo "2659"]
[Annotator "Adhiban,B"]
[PlyCount "109"]
[EventDate "2020.05.05"]
[EventType "team-tourn"]
[EventRounds "10"]
[EventCountry "USA"]
[SourceTitle "CBM 196"]
[Source "ChessBase"]
[SourceDate "2020.06.30"]
[SourceVersion "1"]
[SourceVersionDate "2020.06.30"]
[SourceQuality "1"]
[WhiteTeam "Rest of the World"]
[BlackTeam "India"]
[BlackTeamCountry "IND"]

{[%evp 0,109,16,14,14,15,15,4,39,52,29,54,38,21,8,13,19,21,1,-17,-11,-14,-22,
-22,27,6,3,3,19,8,64,49,50,49,45,34,56,23,33,18,30,8,10,7,57,41,54,61,57,23,14,
28,39,27,110,91,97,91,105,66,66,70,70,61,132,132,139,99,52,0,11,-23,97,137,195,
117,50,2,0,0,0,0,22,20,35,0,0,0,0,0,0,0,0,13,189,199,435,435,512,350,602,625,
713,726,903,1064,1182,1251,29993,29994,29997,29998] I was happy to participate
in the first ever Online nations cup by representing India.} 1. d4 d5 2. Nf3 e6
3. c4 c6 4. e3 Nf6 5. Nc3 Nbd7 {The topical meran.} 6. Qc2 Bd6 7. b3 O-O 8. Bb2
e5 9. cxd5 cxd5 10. Be2 (10. Nb5 Bb4+ 11. Bc3 Bxc3+ 12. Qxc3 Ne4 {is fine for
black.}) 10... e4 11. Nd2 Nb8 $1 {Using the fact that white has hurried with
the exchange on d5, I find a nice spot for the misplaced knight on f8.} (11...
Re8 12. g4 {I wasn't sure entirely sure about this.}) 12. Nb5 Nc6 13. Nxd6 Qxd6
14. Qc5 Qd8 15. h3 $5 {An important move preventing bg4 ideas.} (15. O-O Bg4 {
with a very nice position for black.}) 15... Be6 ({The following setup of comp
is very impressive.} 15... Re8 $1 16. O-O Re6 $15 {[%cal Gc8d7]}) 16. O-O Rc8
17. Rfc1 Qd7 18. Qb5 Rfd8 19. Bf1 Ne8 $1 {Manoeuvering the knight to a better
place.} 20. Rc5 Nd6 21. Qa4 b6 $2 {A huge conceptual error.} (21... f5 $1 {
was very strong.} 22. Rac1 Qf7 $5 ({Or even something like} 22... a6 {putting
an end to white's queenside ideas.})) 22. Rc3 Na5 23. Qxd7 Bxd7 24. a4 Rxc3 25.
Bxc3 Rc8 26. Bb4 Rc2 27. Bxd6 Rxd2 28. Rc1 $1 {I understimated this idea from
far.} Nxb3 29. Rc7 Be6 30. Rxa7 h5 {I stopped here as fine for me but I missed
white's following reply.} 31. Bb5 {Now the b6-pawn is a goner and I am forced
to create some play in the kingside.} h4 $5 32. Be7 f6 33. Bd8 Nc1 $1 34. Bxb6
Nd3 35. Re7 Bf5 36. Bc6 Kf8 (36... Rd1+ 37. Kh2 Nxf2 38. g4 Rd2 $1 $11 {
was a draw.}) 37. Rc7 Rd1+ 38. Kh2 Nxf2 39. g4 Be6 ({I noticed the piece sac
after} 39... Nd3 {wasn't working as the king is running away!} 40. gxf5 Rd2+
41. Kg1 Rd1+ 42. Kg2 Rd2+ 43. Kf1 Rd1+ 44. Ke2 $18) (39... hxg3+ 40. Kxg3 Nd3
41. Bxd5 {looked bad but} Re1 $1 $11) (39... Bxg4 $143 40. Bc5+) 40. Ba5 Nd3
41. Bb5 Rb1 42. Rc2 Kf7 43. Bc3 g5 (43... Ke7 $1 44. Ra2 Kd6 {Fighting against
the plan which was executed in the game.}) 44. Ra2 f5 45. gxf5 Bxf5 46. Bc6 Ke6
(46... Ne1 {was also enough to equality.}) (46... Rc1 {was another last chance.
}) 47. a5 g4 48. hxg4 Bxg4 49. a6 Nb4 (49... Bf3 50. Ra1) 50. a7 Nxa2 51. Bxd5+
Kf6 52. a8=Q Bf3 53. Qf8+ Kg6 54. Bf7+ Kg5 55. Qg7+ 1-0

[Event "WchT 11th"]
[Site "Khanty-Mansiysk"]
[Date "2017.06.20"]
[Round "4.2"]
[White "Akobian, Varuzhan"]
[Black "Adhiban, Baskaran"]
[Result "0-1"]
[WhiteElo "2680"]
[BlackElo "2670"]
[Annotator "Adhiban,B"]
[PlyCount "82"]
[EventDate "2017.06.17"]
[EventType "team-tourn"]
[EventRounds "9"]
[EventCountry "RUS"]
[SourceTitle "CBM 179"]
[Source "ChessBase"]
[SourceDate "2017.07.12"]
[SourceVersion "1"]
[SourceVersionDate "2017.07.12"]
[SourceQuality "1"]
[WhiteTeam "US of America"]
[BlackTeam "India"]
[WhiteTeamCountry "USA"]
[BlackTeamCountry "IND"]

1. d4 d5 2. c4 e6 3. Nc3 c6 4. Nf3 Nf6 5. e3 Nbd7 6. Qc2 Be7 $5 {A funny
sideline.} 7. g4 {This aggression was uncalled for.} dxc4 (7... Nxg4 8. Rg1 {
is not good.}) (7... h6 8. Rg1 {White has decent play on the kingside.}) 8. g5
({Maybe a better move was} 8. Bxc4 b5 9. Be2 h6 $1 {followed by ...Bb7 gives
Black a good game.} (9... b4 10. Na4 {Black is not in time to achieve c5.}))
8... Nd5 (8... Nh5 {was another decent option but I didn't like the position
after} 9. Bxc4 b5 10. Be2 Bb7 11. Ne4 $1 {and also I need to spend time on g6
which will weaken my position.} c5 (11... Rc8 12. Nc5 {kills the b7-bishop.})
12. dxc5 $16 {and White can solidify the support on c5 with b4 next.}) 9. Bxc4
b5 10. Be2 (10. Nxd5 bxc4 $1 (10... cxd5 11. Bd3 {is decent for White}) 11.
Nxe7 Qxe7 12. Qxc4 Bb7 {followed by ...c5 with a difficult position for White.}
(12... c5 {is too hasty.} 13. dxc5 Nxc5 14. b4)) (10. Bxd5 cxd5 $5 11. Nxb5
Qa5+ 12. Nc3 Ba6 {with fantastic compensation.}) 10... Nxc3 $1 ({I didn't want
} 10... Bb7 {because of} 11. Nxd5 {and the diagonal would be closed.} exd5) ({
I was seriously considering} 10... c5 {But} 11. Bxb5 O-O 12. Nxd5 exd5 13. Bd2
$1 {wasn't so clear.} (13. Bc6 Rb8 {Black has sufficient compensation.} (13...
Ba6 $5 14. Bxa8 Qxa8 {with a total mess.}) 14. Bxd5 cxd4)) 11. Qxc3 (11. bxc3
Bb7 12. e4 O-O 13. h4 c5 14. h5 cxd4 15. cxd4 Rc8 16. Qd3 f5 $1 {Robson.} ({
My original intention was} 16... Bb4+ 17. Kf1 f5 {but} 18. Qxb5 {is not needed
to allow, although} fxe4 19. Qxb7 exf3 20. Bxf3 Bc3 $19) 17. gxf6 Nxf6 18. Ng5
Bb4+ 19. Kf1 Rc3 {Now follows a fantastic sequence.} 20. Qxb5 Qxd4 21. Qxb7 (
21. Nxe6 Qxf2+ 22. Kxf2 Nxe4+ {also mating.}) 21... Qxf2+ $3 {Now that's
brilliancy for you!} 22. Kxf2 Nxe4+ 23. Kg2 (23. Ke1 Rxc1#) 23... Rg3+ 24. Kh2
Rf2#) 11... Bb7 ({I was even considering} 11... O-O $5 {to avoid d5.} 12. Qxc6
Rb8 {with decent compensation.}) 12. d5 $6 {White is just too underdeveloped
to do any sort of tactical skirmish.} O-O $1 {Found after pushing myself to
find the best move for Black.} 13. dxe6 (13. dxc6 Rc8 14. Bxb5 (14. Nd4 Ne5 (
14... e5 $5) 15. Bxb5 Qd5 {with good position.}) 14... Qb6 15. Nd4 {now both}
a6 $5 ({and} 15... Ne5 {are depressing for White.})) 13... fxe6 {Now it is
just sad for White, no development and his king is a mess.} 14. h4 {This is
just asking for it!} ({I was expecting} 14. b3 {for which I was intending} Rxf3
$1 15. Bxf3 Qf8 16. Ke2 b4 17. Qc4 Nc5 18. Qf4 Ba6+ 19. Kd1 Nd3 20. Qxf8+ Rxf8
21. Bxc6 (21. Be2 Nxf2+ 22. Ke1 Bxe2) 21... Nxf2+ 22. Kc2 (22. Kd2 Nxh1 23.
Bxh1 Rf2+ {wins the piece.}) 22... Rc8 $19) (14. Nd4 Nc5 $5 (14... Ne5 15. f4 {
is not as clear as ...Nc5.} Qd5 (15... c5 16. Nxe6 Qd5 17. Rf1) 16. Rg1) 15. f4
e5 $1 16. fxe5 Ne4 {[%cal Re7g5] winning.}) 14... Rxf3 $1 15. Bxf3 Qf8 {
[%csl Rb4,Rf3] Tactical geometry!} 16. Ke2 b4 17. Qc4 Qxf3+ (17... Nc5 {
was interesting but felt totally uncalled for.}) 18. Kxf3 Ne5+ 19. Kg3 Nxc4 {
The aftermath of ...Rf3 :).} 20. Rd1 c5 21. b3 (21. f3 Rf8 22. e4 Bd6+ 23. f4 (
23. Kg2 Be5 24. Rd7 Bc6 25. Rxa7 Nxb2 $19 (25... Bd4 $5)) 23... Bxe4 24. b3 Bc2
$19) 21... Nd6 22. Bb2 Rf8 {I was happy to provoke f4.} (22... Ne4+ 23. Kh2)
23. f4 Bd5 $1 {No hurry!} 24. Kh3 Ne4 25. Rf1 g6 $5 {I decided to just enjoy
the torture!} 26. Be5 a5 {The a4-break is unstoppable.} 27. Bc7 Ra8 28. Be5 a4
29. Kh2 Kf7 {Ok this is just for fun :).} 30. Rfd1 Nf2 31. Re1 Nd3 32. Rf1 axb3
33. axb3 Rxa1 34. Bxa1 Bxb3 35. e4 c4 36. f5 exf5 37. exf5 c3 38. h5 gxh5 39.
Rg1 c2 40. g6+ hxg6 41. fxg6+ Kg8 {Three wins and a draw allowed us to deliver
a crushing defeat to the slightly weakened USA team.} 0-1

[Event "Cacak"]
[Site "Cacak"]
[Date "1996.??.??"]
[Round "6"]
[White "Georgiev, Kiril"]
[Black "Hodgson, Julian M"]
[Result "1-0"]
[WhiteElo "2620"]
[BlackElo "2550"]
[Annotator "Alterman,B"]
[PlyCount "55"]
[EventDate "1996.11.??"]
[EventType "tourn"]
[EventRounds "9"]
[EventCountry "YUG"]
[EventCategory "13"]
[SourceTitle "CBM 057"]
[Source "ChessBase"]
[SourceDate "1997.04.01"]
[SourceVersion "1"]
[SourceVersionDate "1997.04.01"]
[SourceQuality "1"]

1. d4 {Petursson Chekhov} d5 2. c4 c6 3. Nc3 Nf6 4. e3 a6 5. Qc2 e6 (5... b5 $5
{Chekhov} 6. b3 Bg4) 6. Nf3 c5 $6 (6... dxc4 $6 7. Bxc4 c5 8. O-O b5 9. Be2
Nbd7 10. Rd1 Bb7 11. dxc5 Bxc5 12. Ne5 Qc8 13. Nxd7 Nxd7 14. Nxb5 O-O 15. Nd4
Bd5 16. Nb3 Rb8 17. Bd2 Rb6 18. Nxc5 Nxc5 19. f3 {1-0 Galliamowa - (Ukr) -
Erneste (Lett)/Manila olm SW 92-27 1992 (33)}) 7. dxc5 (7. cxd5 {Chekhov} exd5
8. Be2 Nc6 9. O-O Be6 10. Rd1 Nb4 11. Qd2 Ne4 12. Nxe4 dxe4 13. a3 exf3 14.
Bxf3 Nc6 15. d5 Ne5 $10 {Sadler,M-Hodgson,J/Hastings/1996/0,5/47/}) (7. a3 $5 {
Chekhov} dxc4 8. Bxc4 Nbd7 9. Ba2 b5 10. d5 exd5 11. Nxd5 Bb7 12. e4 Nxd5 13.
exd5 Bd6 14. Bg5 f6 15. Bh4 Qe7+ $132 {Portisch,L-Godena,M/Bad Woerishofen/
1992/1|0/42/}) 7... Bxc5 8. a3 Nc6 9. b4 Ba7 10. Bb2 dxc4 (10... O-O $6 {
Chekhov} 11. Rd1 Qe7 12. cxd5 exd5 13. Nxd5 Nxd5 14. Rxd5 h6 15. Qc3 $18 {
Alterman,B-Kutirov,R/Struga/1995/1|0/28/}) 11. Bxc4 O-O 12. Rd1 $1 (12. Bd3 $14
) 12... Qe7 13. Ne4 $1 (13. O-O) (13. g4 $6 {Chekhov} b5 14. Ba2 Bb7 15. g5 Nh5
16. Bb1 g6 17. Ne4 Rac8 $13) 13... Nxe4 14. Qxe4 f6 (14... f5 15. Qh4 $16) 15.
h4 $40 Qf7 (15... f5 16. Qf4 b5 17. Bb3 Bb8 18. Qg5 Ra7 19. O-O $16) (15... Bd7
$4 {Chekhov} 16. Rxd7 Qxd7 17. Bxe6+ $18) (15... Rd8 $5 {Chekhov}) (15... Rd8 {
Petursson}) 16. g4 Bb8 (16... Rd8 $5 {Chekhov}) (16... Rd8 {Petursson}) 17. Bd3
f5 (17... g6 {Chekhov} 18. h5 g5 19. h6 $22 Bd7 20. Rh5 Be8 21. Nxg5 $1 $18)
18. gxf5 exf5 (18... Qxf5 $2 19. Qxf5 Rxf5 (19... exf5 $4 20. Bc4+ Kh8 21. Rg1
$18) 20. Bxf5 exf5 21. Rg1 $18) 19. Qc4 b5 (19... Be6 20. Qc3 Re8 (20... h6 {
Chekhov} 21. Rg1 $18) 21. Rg1 $18) 20. Qxc6 Bb7 21. Qc3 Bxf3 22. Rg1 Ra7 23.
Bxf5 $1 {keeping the advantage} Rc7 {Petursson: Now White has several winning
methods.} (23... Bxd1 $2 {is most certainly to be avoided} 24. Be6 $18) 24.
Rxg7+ (24. Be6 $6 {Petursson} Rxc3 25. Bxf7+ Kxf7 26. Bxc3 Bxd1 27. Rxg7+ Ke6
28. Kxd1 Rxf2 29. Rxh7 $18) 24... Qxg7 25. Be6+ Kh8 (25... Rff7 {Chekhov} 26.
Qxg7#) 26. Qxg7+ Rxg7 27. Rd7 $1 {the knockout blow} Bh2 (27... Rfg8 {Chekhov}
28. Bxg8 Kxg8 29. Rxg7+ $18) 28. Bxg7# 1-0

[Event "Hoogovens"]
[Site "Wijk aan Zee"]
[Date "1990.01.??"]
[Round "2"]
[White "Portisch, Lajos"]
[Black "Kuijf, Marinus"]
[Result "0-1"]
[WhiteElo "2605"]
[BlackElo "2490"]
[Annotator "Anand,V"]
[PlyCount "122"]
[EventDate "1990.01.??"]
[EventType "tourn"]
[EventRounds "13"]
[EventCountry "NED"]
[EventCategory "13"]
[SourceTitle "CBM 017"]
[Source "ChessBase"]
[SourceDate "1990.08.01"]
[SourceVersion "1"]
[SourceVersionDate "1990.08.01"]
[SourceQuality "1"]

1. d4 {Ftacnik} d5 2. c4 c6 3. Nf3 Nf6 4. Nc3 e6 5. e3 Nbd7 6. Qc2 Bd6 7. Be2
O-O 8. O-O Re8 9. b3 dxc4 10. Bxc4 $5 {This capture was played in a similar
position by Korchnoi against Tukmakov in Rotterdam.} (10. bxc4 e5 11. Bb2)
10... h6 $1 {Tukmakov had played e5 allowing the possibility of Ng5 with
advantage to white though Korchnoi had played Bb2 instead of 0-0.} 11. Rd1 Qe7
12. Bb2 a6 13. Ne4 Nxe4 14. Qxe4 $14 Nf6 15. Qh4 Ba3 16. Bxa3 Qxa3 17. Ne5 Bd7
18. Bf1 Red8 19. Nc4 Qf8 20. Rdc1 Rab8 21. Ne5 Be8 22. f3 Nd7 23. Nd3 Qd6 24.
Rd1 Qa3 25. Rdc1 Qd6 26. Qg3 $6 Qxg3 27. hxg3 f6 28. b4 Bg6 29. Nb2 $2 (29. Nc5
$14) (29. Nc5 $14 {Ftacnik}) 29... e5 $132 30. dxe5 Nxe5 31. e4 Rd4 32. a3 Bf7
33. Rd1 Rbd8 34. Kf2 Kf8 35. Rxd4 Rxd4 36. Ke3 Rd8 37. Be2 Ke7 38. Rc1 Be6 39.
Na4 Nd7 40. f4 Bb3 41. Nb2 (41. Nc5 Nxc5 42. Rxc5 $10) 41... Be6 42. a4 f5 $1
43. exf5 Bxf5 44. Rd1 Re8 45. Nc4 Kf6+ 46. Kf3 Rxe2 $1 47. Rd6+ (47. Kxe2 Bg4+
48. Ke1 Bxd1 49. Kxd1 $15) 47... Re6 48. Rxd7 Re4 49. Nd6 Rxb4 50. Rxb7 Rxb7
51. Nxb7 Ke6 $15 52. g4 (52. Nc5+ Kd6 53. Nxa6 c5 54. g4 {White has good
chances for a draw by dissolving the kingside}) 52... Bc2 53. f5+ Ke5 54. a5
Bd1+ 55. Ke3 Kd5 56. Nd8 Bxg4 57. Ne6 Bxf5 58. Nc7+ Kd6 59. Nxa6 c5 60. Nb8 Kc7
61. Na6+ Kc6 0-1

[Event "Linares 09th"]
[Site "Linares"]
[Date "1991.??.??"]
[Round "2"]
[White "Kasparov, Garry"]
[Black "Gelfand, Boris"]
[Result "1-0"]
[WhiteElo "2800"]
[BlackElo "2700"]
[Annotator "Anand,V"]
[PlyCount "75"]
[EventDate "1991.02.??"]
[EventType "tourn"]
[EventRounds "13"]
[EventCountry "ESP"]
[EventCategory "17"]
[SourceTitle "CBM 022"]
[Source "ChessBase"]
[SourceDate "1991.06.01"]
[SourceVersion "1"]
[SourceVersionDate "1991.06.01"]
[SourceQuality "1"]

1. d4 {Ftacnik} d5 2. c4 c6 3. Nc3 Nf6 4. e3 e6 5. Nf3 a6 6. b3 (6. Bd3 $2 dxc4
7. Bxc4 b5 8. Bd3 c5 $10) 6... Bb4 7. Bd2 Nbd7 8. Bd3 O-O 9. O-O Bd6 (9... Qe7
$5 {Ftacnik}) 10. e4 dxc4 11. bxc4 e5 12. c5 $1 (12. d5 Nc5 $132) 12... Bc7 (
12... exd4 {Ftacnik} 13. cxd6 dxc3 14. Bxc3 Nc5 15. Bxf6 Qxf6 16. e5 $16) 13.
Na4 exd4 14. h3 $1 {This move is necessary to prevent Nf6-g4-e5} Re8 (14... Qe7
{Ftacnik} 15. Qc2) 15. Re1 h6 (15... Ne5 {Ftacnik} 16. Nxe5 Bxe5 17. f4 Bc7 18.
Qc2 g6 19. Rab1 $36) 16. Rb1 Nh7 17. Bc4 (17. Rb4 {Ftacnik} b5 $5 18. cxb6 Nxb6
19. Rxd4 Qe7 $132) 17... Qf6 (17... Ng5 18. Nxg5 hxg5 19. Qh5 $16) (17... b5 $2
{Ftacnik} 18. cxb6 Nxb6 19. Nxb6 Bxb6 20. Qb3 $18) 18. Rb3 Nhf8 $6 {This seems
a bit passive} (18... Ng5 $5 19. Nxg5 hxg5 20. Rf3 (20. Qh5 Bf4 $132) 20... Bf4
21. g3 Ne5) (18... Ne5 {Ftacnik} 19. Nxe5 Bxe5 20. f4 Bxf4 21. Bxf4 $1 Qxf4 22.
Rf3 $18) 19. Bc1 Ng6 20. Nxd4 Nde5 21. Bf1 $14 Rd8 22. Bb2 Nh4 (22... Rb8 {
Ftacnik} 23. g3 $1 $16) 23. Ree3 $1 {Kasparov handles this phase of the game
very well.To push f4 white must lots of pieces around his king} (23. g3 $2 {
Ftacnik} Rxd4 $1) 23... Qg5 24. g3 Nhg6 25. Qc2 h5 26. Bg2 h4 {This doesn't
work but what else? Black can't withdraw his pieces without getting squashed} (
26... Nd7 {Ftacnik} 27. f4 Qe7 28. Nf5 $18) 27. f4 Nxf4 28. gxf4 Qxf4 29. Nb6
$1 Ng4 (29... Rb8 {Ftacnik} 30. Nxc8 Rdxc8 31. Nf5 $18) 30. hxg4 Bxg4 31. Nxa8
Qh2+ 32. Kf1 Bg3 33. Rxg3 hxg3 34. Qd3 Bh3 35. Qxg3 Qh1+ 36. Kf2 Bxg2 37. Qxg2
Qh4+ 38. Ke2 1-0

[Event "EU-ch 4th"]
[Site "Istanbul"]
[Date "2003.06.01"]
[Round "3"]
[White "Lastin, Alexander"]
[Black "Atalik, Suat"]
[Result "0-1"]
[WhiteElo "2632"]
[BlackElo "2568"]
[Annotator "Atalik,S"]
[PlyCount "130"]
[EventDate "2003.05.30"]
[EventType "swiss"]
[EventRounds "13"]
[EventCountry "TUR"]
[SourceTitle "CBM 096"]
[Source "ChessBase"]
[SourceDate "2003.09.25"]
[SourceVersion "1"]
[SourceVersionDate "2003.09.25"]
[SourceQuality "1"]

1. d4 d5 2. c4 c6 3. Nc3 Nf6 4. e3 a6 $5 (4... e6 5. Nf3 a6 $5 {is another way
to get to this position.}) 5. Nf3 e6 6. Qc2 c5 {Yeah this is the idea Nb8 will
jump into the game at once.} 7. dxc5 $5 {White aims for development advantage
rather than giving his opponent an isolani.} Bxc5 8. a3 dxc4 9. Bxc4 b5 10. Be2
{Why there?} (10. Bd3 $142 Nbd7 $13) 10... Nbd7 11. O-O Bb7 12. Bd2 {Another
weird move.} (12. b4 Bd6 13. Rd1 Qc7 14. Bb2 Rd8 $11) 12... O-O 13. Rac1 Qb8 $1
{Typical for this type of setups.} 14. Rfd1 Rc8 15. Be1 Ne5 $15 {Black takes
over the initiative.} 16. Nd2 Ng6 17. Bf3 Nh4 $1 18. Bxb7 Qxb7 19. e4 Ng4 $1 {
The knight is about traveling to e5 square.} 20. Nf1 (20. Qd3 Ne5 21. Qg3 Nhg6
$15) 20... Ne5 21. Qe2 Qe7 $1 {Time to generate a kingside attack.} 22. Kh1 Qg5
23. Ng3 Nhg6 $5 {Difficult to decide which configuration knights will take.} (
23... Neg6 24. Qh5 $1 Be7 $1 $17) 24. Qf1 Nc4 $17 {Black dominates the whole
board.} 25. Rc2 (25. Na4 Ba7 $17) 25... Bd6 26. Nge2 Qf6 $1 {The threat of Ne3
will disturb whites pieces with utmost effect.} 27. Rd3 Nge5 28. Rh3 Bc5 $2 {
An ineactitude. In this moment of the game my awareness for sharp tactical
blows has left me.} (28... Ng4 $1 29. Kg1 Nxh2 $1 $19) 29. Ng3 g6 30. Qe2 Rd8
31. b3 $5 {White has decided to enter the complications} Nxa3 32. Nd5 exd5 {
I have taken on d5 by the pawn but also the other capture wins.} (32... Rxd5
33. exd5 Nxc2 34. Qxc2 Ng4 $3 35. Ne4 (35. Qxc5 Qa1 36. Qc3 Nxf2+ 37. Kg1 Nxh3+
38. gxh3 Qxc3 39. Bxc3 exd5 $19) 35... Qe5 $1 36. Qb1 Bb4 $1 37. dxe6 Bxe1 38.
exf7+ Kg7 $19) 33. Rxc5 d4 $19 {The d passer is very strong. From this moment
on the game became like a boxing match in which sides are exchanging tactical
punches.} 34. Nh5 $1 $138 {Direct to the throat!} Qe7 35. Bb4 d3 {d pawn
started to walk through the board.} 36. Qd2 Nc2 $1 {The correct square to
attack.} (36... Nb1 $2 37. Qh6 gxh5 38. Rxe5 $1 (38. Qxh5 $2 f6 39. Rxe5 d2 $19
) 38... Qxe5 39. Rg3+ Qxg3 40. hxg3 $11 {and black has a naked king!}) 37. Qh6
({The main motif for black is} 37. Rxc2 Qxb4 $1 38. Nf6+ Kg7 $19) 37... gxh5
$138 38. Qxh5 ({Now} 38. Rxe5 Qxe5 39. Rg3+ Kh8 $19 {does not work.}) 38... f6
39. Rxe5 d2 $1 {very important intermezzo.} 40. Bxd2 fxe5 41. Rg3+ Kh8 $19 {
Black is a whole rook up.} 42. Bg5 {White is about to set up a simple trap
before resigning.} Qd6 {The possibility of queens exchange made my eyes blind.}
(42... Qe6 $19 {wins even easier.}) (42... Qf7 $4 43. Bxd8 $18) 43. h3 (43. Rd3
Nd4 $19) 43... Qd1+ $4 {Extremely stupid. Even in a blitz game one can not do
such mistakes. I should have remembered IM Ghinda's advice of always looking
to the last move of the opponent and asking to myself" what does he want by
this move?".} ({I could have won easily with the extra rook by} 43... Rf8 44.
Bh6 Rg8 $19) ({or by} 43... Rd7 44. Rf3 Rf8 $19) (43... Nd4 $2 44. Bxd8 Rxd8
45. Qg5 $18) 44. Kh2 $18 {Of course now I was totally lost actually I could
have resigned the game in this moment.} Qd6 {Look what I have done to my
position. I had to return to the same square after the moronic check I have
given.} 45. Qf7 $4 {He also goes wrong ridiculously.} (45. Bxd8 Rxd8 46. Qg5
$18 {wins easily since black can not stop the mate.}) (45. Qh4 Rf8 46. Be7 Qe6
47. Qg5 Rf7 48. Bd8 $18) 45... Rf8 46. Bf6+ Qxf6 47. Rg8+ Rxg8 48. Qxf6+ Rg7
$17 {He won my queen but 2 Rs+N is too much versus his queen if I can
coordinate my forces.} 49. Qxe5 $2 {This is another oversight.} (49. h4 {
was the only way to show some stiff resistance.} Nd4 50. h5 (50. Qxe5 Nc6 51.
Qf6 Ne7 52. f4 a5 53. h5 Ng8 54. Qe5 a4 55. bxa4 bxa4 $19) 50... Kg8 51. Qxe5
Rd8 $17) 49... Ne1 $1 {A very strong punch, right in the liver!} 50. Qf6 Nxg2
$19 51. h4 {Too late.} Re8 52. h5 Kg8 $2 $138 {Time trouble started to effect
the quality of the moves once again.} (52... h6 53. Qxh6+ Kg8 54. Qc6 Re5 $19)
53. e5 $4 $138 {He immediately should have started to attack my pieces.} ({
After} 53. Qc6 $1 Re5 54. Qc8+ Kf7 55. Qd7+ Kf6 56. Qd6+ Re6 57. Qd4+ Kf7 58.
Qd7+ Re7 59. Qf5+ $11 {it is just a draw.}) 53... h6 $3 $19 {Finally the
sleeping giant got awaken!} 54. Qc6 Rxe5 55. Qc8+ Kh7 56. Qc2+ Kh8 57. Qc8+ Rg8
58. Qc3 Rgg5 {Everything protect each other.} 59. Qc8+ Kg7 60. Qd7+ Kf6 61.
Qd8+ Kf5 $1 {The king should participate the attack.} 62. Qd3+ (62. Qf8+ Ke4
63. Qa8+ Kd3 64. Qf3+ Kd2 $19) 62... Kf4 63. Qd2+ Kf3 {Ram him down with the
king!} 64. Qd1+ Kxf2 65. Qd4+ Ne3 0-1

[Event "Corus-C"]
[Site "Wijk aan Zee"]
[Date "2006.01.29"]
[Round "13"]
[White "Bischoff, Klaus"]
[Black "Atalik, Suat"]
[Result "1/2-1/2"]
[WhiteElo "2560"]
[BlackElo "2618"]
[Annotator "Atalik,S"]
[PlyCount "35"]
[EventDate "2006.01.14"]
[EventType "tourn"]
[EventRounds "13"]
[EventCountry "NED"]
[EventCategory "9"]
[SourceTitle "CBM 111"]
[Source "ChessBase"]
[SourceDate "2006.04.04"]
[SourceVersion "1"]
[SourceVersionDate "2006.04.04"]
[SourceQuality "1"]

1. c4 c6 2. d4 d5 3. e3 Nf6 4. Nc3 e6 5. Nf3 Nbd7 6. Qc2 Bd6 7. b3 O-O 8. Be2
b6 9. O-O Bb7 10. Bb2 Qe7 11. Rad1 Rad8 12. cxd5 exd5 (12... cxd5 $6 13. Nb5
Rc8 14. Qb1 $16) 13. g3 g6 14. Rfe1 Rfe8 15. Bf1 Ne4 16. Nxe4 Qxe4 17. Qxe4
dxe4 18. Nd2 (18. Nd2 f5 (18... Bb4 19. a3 Bxd2 20. Rxd2 Ne5 21. Be2 Nf3+ (
21... Ba6 22. f4 Bxe2 23. fxe5 Bd3 24. Rc1 Re6 $11) 22. Bxf3 exf3 $11) 19. Rc1
Nf6 20. Nc4 Bc7 $15) 1/2-1/2